000 00284nam a2200109Ia 4500
008 220204s9999 xx 000 0 und d
082 _a546.21
_bHIT;1
100 _aHitchman, Michael L
245 0 _aMeasurement of dissolved oxygen
260 _aNew York
_bJohn Wiley
_c1978
942 _cBK
999 _c31367
_d31367